Nezamestnanosť absolventov vo vybranom regióne Slovenskej republiky bakalárska práca

Na minha lista:
Detalhes bibliográficos
Autor principal: Hajnusová, Dominika
Autor Corporativo: Podnikovohospodárska fakulta EU so sídlom v Košiciach. Katedra ekonómie
Outros Autores: Meheš, Marek
Formato: Livro
Idioma:eslovaco
Publicado em: Košice 2018
Tags: Adicionar Tag
Sem tags, seja o primeiro a adicionar uma tag!

MARC

LEADER 00000nbm a2200000 4500
001 0245756
005 20240827092701.4
041 0 |a slo 
044 |a SK 
245 1 0 |a Nezamestnanosť absolventov vo vybranom regióne Slovenskej republiky  |b bakalárska práca  |c Dominika Hajnusová ; školiteľ: Marek Meheš 
264 1 |a Košice  |c 2018 
300 |a 52 s. 
100 1 |a Hajnusová, Dominika 
700 1 |a Meheš, Marek 
710 2 |a Podnikovohospodárska fakulta EU so sídlom v Košiciach. Katedra ekonómie